Diccionario de galicismos : o sea de las voces, locuciones y frases de la lengua francesa /
Guardado en:
| Autor Principal: | |
|---|---|
| Formato: | Libro |
| Publicado: |
Argentina :
Excelsior,
1918
|
| Materias: | |
| Etiquetas: |
Agregar Etiqueta
Sin Etiquetas, Sea el primero en etiquetar este registro!
|
| LEADER | 00592nam a22001935a 4500 | ||
|---|---|---|---|
| 001 | EHU.bham039821 | ||
| 003 | AR-BHAM | ||
| 005 | 20170321160203.0 | ||
| 008 | 130507s1918##################000#0#####d | ||
| 082 | C | 4 | |a 468.303 |
| 100 | 1 | |a Baralt, Rafael María | |
| 245 | 1 | 0 | |a Diccionario de galicismos : |b o sea de las voces, locuciones y frases de la lengua francesa / |c Rafael María Baralt : |
| 260 | |a Argentina : |b Excelsior, |c 1918 | ||
| 300 | |a 614 p. | ||
| 653 | |a Diccionarios | ||
| 653 | |a Galicismos | ||
| 653 | |a Lexicografía | ||
| 653 | |a Francés | ||
| 859 | |a AR-BHAM |h 468.303 |i B231 |k C |p 913.57 |t Ej.1 |v M | ||
